000 00687nam a2200277Ia 4500
005 20260121125531.0
008 008 260114s9999 xx 000 0 eng d
020 _a9781447318453
037 _aEBOOK
040 _aCRL
040 _beng
040 _cCRL
041 _2eng
041 _aeng
084 _qCRL
100 _aWarner, Joanne
_9994588
245 4 _aThe Emotional Politics of Social Work and Child Protection
260 _bWalter de Gruyter
260 _bWalter de Gruyter
260 _c2015
650 _aSocial Work
_9994589
856 _uhttp://www.degruyter.com/isbn/9781447318453
942 _cEBOOK
999 _c1562694
_d1562694